| 000 | 00728nam a2200217Ii 4500 | ||
|---|---|---|---|
| 003 | JO-AjNU | ||
| 008 | 230605s9999||||xx |||||||||||||| ||und|| | ||
| 017 | _a1982/3724 | ||
| 020 | _a977-154-000 | ||
| 040 |
_aJO-AjNU _bara _erda _cJO-AjNU |
||
| 041 | _aara | ||
| 050 | 1 | 4 | _aPJ6696.B36 1982 |
| 100 | 3 |
_aالبقري، أحمد ماهر, _eauthor _98033 |
|
| 245 | 0 | 0 | _aدراسات نحوية في القرآن العدد - المجرورات |
| 264 | 3 | 1 | _aالإسكندرية: مؤسسة شباب الجامعة، 1982 |
| 300 | _a165ص | ||
| 336 |
_atext _btxt _2rdacontent |
||
| 337 |
_aunmediated _bn _2rdamedia |
||
| 338 |
_avolume _bnc _2rdacarrier |
||
| 650 | 4 |
_aالقرآن الكريم - دراسات نحوية _98034 |
|
| 999 |
_aA582 _c4150 _d4150 |
||